La revolución y la contrarrevolución en el Chile de Allende / (Record no. 1871)

MARC details
000 -LEADER
campo de control de longitud fija 00922cam a2200289 i 4500
001 - NÚMERO DE CONTROL
campo de control 123046
005 - FECHA Y HORA DE LA ÚLTIMA TRANSACCIÓN
campo de control 20230404125641.0
008 - DATOS DE LONGITUD FIJA--INFORMACIÓN GENERAL
campo de control de longitud fija 160830s2009 mx r 000 0 spa d
020 ## - NÚMERO INTERNACIONAL ESTÁNDAR DEL LIBRO
Número Internacional Estándar del Libro 9781921438547
020 ## - NÚMERO INTERNACIONAL ESTÁNDAR DEL LIBRO
Número Internacional Estándar del Libro 1921438541
041 0# - CÓDIGO DE IDIOMA
Código de lengua del texto/banda sonora o título independiente spa
050 14 - SIGNATURA TOPOGRÁFICA DE LA BIBLIOTECA DEL CONGRESO
Número de clasificación CD F
100 1# - ENTRADA PRINCIPAL--NOMBRE DE PERSONA
Nombre de persona Castro, Fidel.
Fechas asociadas al nombre 1926-
245 13 - MENCIÓN DEL TÍTULO
Título La revolución y la contrarrevolución en el Chile de Allende /
Mención de responsabilidad, etc. Fidel Castro.
260 ## - PUBLICACIÓN, DISTRIBUCIÓN, ETC.
Lugar de publicación, distribución, etc. México, D.F. :
Nombre del editor, distribuidor, etc. Ocean Sur,
Fecha de publicación, distribución, etc. 2009
300 ## - DESCRIPCIÓN FÍSICA
Extensión 37 p. ;
Dimensiones 22 cm.
440 #0 - MENCIÓN DE SERIE/PUNTO DE ACCESO ADICIONAL--TÍTULO
Título Colección Fidel Castro.
500 ## - NOTA GENERAL
Nota general Speech given by Fidel Castro on December 2, 1971 at the Estadio Nacional, Santiago, Chile.
600 10 - PUNTO DE ACCESO ADICIONAL DE MATERIA--NOMBRE DE PERSONA
Nombre de persona Allende, Salvador.
Fechas asociadas al nombre 1908-1973
651 #0 - PUNTO DE ACCESO ADICIONAL DE MATERIA--NOMBRE GEOGRÁFICO
Nombre geográfico Chile
Subdivisión general Politics and government
Subdivisión cronológica 1970-1973.
650 #0 - PUNTO DE ACCESO ADICIONAL DE MATERIA--TÉRMINO DE MATERIA
Término de materia o nombre geográfico como elemento de entrada Socialism
Subdivisión geográfica Chile.
610 20 - PUNTO DE ACCESO ADICIONAL DE MATERIA--NOMBRE DE ENTIDAD CORPORATIVA
Nombre de entidad corporativa o nombre de jurisdicción como elemento de entrada Unidad Popular.
651 #4 - PUNTO DE ACCESO ADICIONAL DE MATERIA--NOMBRE GEOGRÁFICO
Nombre geográfico Chile
Subdivisión general Política y gobierno
Subdivisión cronológica 1970-1973.
650 #4 - PUNTO DE ACCESO ADICIONAL DE MATERIA--TÉRMINO DE MATERIA
Término de materia o nombre geográfico como elemento de entrada Socialismo
Subdivisión geográfica Chile.
942 ## - ELEMENTOS DE ENTRADA SECUNDARIOS (KOHA)
Fuente del sistema de clasificación o colocación Clasificación de Library of Congress
Tipo de ítem Koha
946 ## - PROCESAMIENTO DE INFORMACIÓN LOCAL (OCLC)
a JaaM
Holdings
Estatus retirado Estado de pérdida Fuente del sistema de clasificación o colocación Estado de daño No para préstamo Colección Biblioteca de origen Biblioteca actual Ubicación en estantería Fecha de adquisición Serial enumeration / chronology Total checkouts Signatura topográfica completa Código de barras Visto por última vez Copia número Precio de reemplazo Tipo de ítem Koha
    Clasificación de Library of Congress     Referencia Biblioteca Juan Bosch Biblioteca Juan Bosch Colección Documental (Referencia, 1er. Piso) 04/04/2023 1   CD F 00000116351 23/10/2018 1 23/10/2018